000
00256nam a22000977a 4500
020
_a
9789945510867
100
1
_a
Balaguer, Elizabeth
_9
61993
245
0
3
_a
Mi carnaval my carnival
264
_a
Santo Domingo :
_b
Amigos del Hogar,
_c
2024.
300
_a
37 páginas :
999
_c
58292
_d
58292